| Tag |
First Indicator |
Second Indicator |
Subfields |
| LEADER |
00000cam a2200000 a 4500 |
| 001 |
in00001107513 |
| 005 |
20150930061230.0 |
| 008 |
721010s1961 dcu b 000 0 eng |
| 010 |
|
|
|a 61017674
|
| 035 |
|
|
|a (OCoLC)00425071
|
| 035 |
|
|
|9 AFU9009AM
|
| 040 |
|
|
|a DLC
|c WSU
|d OCL
|d SER
|d DGW
|d TXA
|d UtOrBLW
|
| 049 |
|
|
|a TXAS [mil]
|
| 050 |
0 |
0 |
|a E301
|b .B47
|
| 082 |
0 |
|
|a 973.072
|
| 090 |
|
|
|a E301
|b .B47 1961
|
| 100 |
1 |
|
|a Berwick, Keith,
|d 1928-
|
| 245 |
1 |
4 |
|a The Federal age, 1789-1829 :
|b America in the process of becoming /
|c by Keith B. Berwick.
|
| 264 |
|
1 |
|a Washington :
|b Service Center for Teachers of History,
|c [1961]
|
| 264 |
|
4 |
|c ©1961
|
| 300 |
|
|
|a 40 pages ;
|c 23 cm.
|
| 336 |
|
|
|a text
|b txt
|2 rdacontent
|
| 337 |
|
|
|a unmediated
|b n
|2 rdamedia
|
| 338 |
|
|
|a volume
|b nc
|2 rdacarrier
|
| 490 |
1 |
|
|a Publication / Service Center for Teachers of History ;
|v no. 40
|
| 504 |
|
|
|a Bibliography: pages 34-40.
|
| 651 |
|
0 |
|a United States
|x History
|y 1783-1865
|x Historiography.
|
| 830 |
|
0 |
|a Publication (Service Center for Teachers of History) ;
|v no. 40.
|
| 999 |
|
|
|a MARS
|
| 999 |
f |
f |
|s 9f1deaaa-de37-3ac0-96dd-48932a56f882
|i 2a0ec9db-6e3b-342c-a0a1-59369379a9f2
|t 0
|
| 952 |
f |
f |
|p noncirc
|a Texas A&M University
|b College Station
|c Cushing Memorial Library & Archives
|d Cushing: Ragan Military (Does not check out)
|t 0
|e E301 .B47 1961
|f Vertical File
|h Library of Congress classification
|i unmediated -- volume
|
| 998 |
f |
f |
|a E301 .B47 1961
|t 0
|l Cushing: Ragan Military (Does not check out)
|